00669nam a22002177a 4500003001100000005001700011008004100028040003900069041000800108082001300116100002200129245006300151260004000214300002800254650002000282650002100302700001800323942000700341952008800348999001500436LK-CoMWRAF20231120122947.0231013b1961 |||||||| |||| 00| 0 eng d aLK-CoMWRAFdLK-CoMWRAFeLK-CoMWRAF aeng a150bHOL aHolland, James G. a The Analysis of Behavior:ba program for self-instruction aNew York:b McGraw-Hill Book,c1961 ax, 337 p. illus. 23 cm. aHUMAN BEHAVIOUR aPsychophysiology aSkinner, B.F. cBK 00104070aMAINbMAINd2023-10-13l0o150 HOLpRAF1724r2023-10-13w2023-10-13yBK c3840d3840